00343nam a2200121Ia 4500008004100000041000800041082000800049100005400057245006200111260002200173300002000195440000600215221007s9999 xx 000 0 und d aeng bSHR aShreya Raka - 2k161109 & Dr. Geeta Jadhav - Guide 4aThe Study Of Attrition And Employee Retention At Firstcry c2017bHnimraPune a52pcHard Bound v1